000 00434nam a22001817a 4500
003 MPLRDC
005 20220104123335.0
008 210129b ||||| |||| 00| 0 eng d
082 _a310.7 ZX
100 _a章祥瑞
245 _a数学轶趣
_c
250 _a一版一刷
260 _a
_b江苏科学技术出版社
_c1984
300 _b
490 _a科学小品丛书
650 _a数学总论
942 _cBK
_o310.7 ZX
999 _c10597
_d10587